Portorico pochod ze zvuk. filmu Lelíček ve službách Sherlocka Holmesa /

Hlavní autor: Kumok, Josef, 1901-1979
Další autoři: Vodička, Fráňa, 1894-1947, Tobis, 1903-1949
Jazyk: Čeština
Vydáno: Praha : Vlk, 1932
Fyzický popis: 1 sv. (nestránkován)
Hudebniny Hudebniny
Uloženo v:
LEADER 00871ncm a22002412a 4500
001 000606957
003 CZ BrMZK
005 20100924115022.0
007 qu
008 020618s1932 xr f cze d
040 |a BOA001  |b cze  |c BOA001 
072 7 |a 784  |x Vokální hudba  |2 Konspekt  |9 9 
100 1 |a Kumok, Josef,  |d 1901-1979  |7 ola2004235626  |4 cmp 
245 1 0 |a Portorico  |h [hudebnina] :  |b pochod ze zvuk. filmu Lelíček ve službách Sherlocka Holmesa /  |c Josef Kumok ; slova Fráňa Vodička, K. Tobis 
260 |a Praha :  |b Vlk,  |c 1932 
300 |a 1 sv. (nestránkován) 
500 |a Zpěv 
700 1 |a Vodička, Fráňa,  |d 1894-1947  |7 jk01150243  |4 lyr 
700 1 |a Tobis,  |d 1903-1949  |7 jk01092124  |4 lyr 
910 |a BOA001  |b Mus1-0589.748 
990 |a MU 
991 |b 200911 
996 6 |b 2619690522  |c Mus1-0589.748  |l MZK  |r Sklad / do 1 hodiny  |n 2  |w 000606957  |u 000010  |a 1  |e BOA001  |j MZK50  |s P